02177agaaa2200313 45000010005000000030009000050050017000140070009000310080040000400400023000800410013001031000056001161300085001722450221002572500022004782600144005003000022006445080063006665110088007295200528008175380016013455460013013616500079013747000071014537000068015249420012015929990019016049520240016236073IT-RoPAU20220918181300.0d cvaizq50131s9999||||xx ||| | || ||und|| aIT-RoPAUcIT-RoPAU aITALIANO aGirardi DanielegCodice regista SPICS: 41844953043 aCAPIRE E VIVERE LA MESSA (2) - LITURGIA EUCARISTICA E RITI DI CONCLUSIONE953044 aCAPIRE E VIVERE LA MESSA (2) - LITURGIA EUCARISTICA E RITI DI CONCLUSIONEcDiretto da: Girardi DanielepCAPIRE E VIVERE LA MESSA (2) - LITURGIA EUCARISTICA E RITI DI CONCLUSIONE (Rif. Codice opera principale : C6073) aEdizione Standard aVICENZA - BG (ITALIA)bCIPIELLE - CENTRO EUCARISTICO / Distribuzione: CIPIELLE AUDIOVISIVOg"1993 (1° ed.: 1993 ; Ed. Lingua Orig.: 1993)" aVHSbsonoro, col. a"Fotografia: Pinato Alberto; Montaggio: Girardi Daniele; " a"Donzelli Giancarlo; Gasparoni Marta; Pretto Ilaria; Vanzo Paolo; Concato Giovanni" aPROSEGUE LA CATECHESI SULLA MESSA ALTERNANDO LA SPIEGAZIONE DEI RITI LITURGICICON FREQUENTI APPLICAZIONI ALLA VITA DEI RAGAZZI. ESSI ORA STANNO FACENDO UN'ESPERIENZA DI GRUPPO CON IL LORO CATECHISTA... MA IL PANE CHE SPEZZANO IL CIBO CHE CONDIVIDONO LE LORO MANI CHE SI INTRECCIANO RICHIAMANO DA VICINO ALTRETTANTI MOMENTI DELLA LITURGIA EUCARISTICA CHE ESSI CON L'AIUTO DELCATECHISTA E LA TESTIMONIANZA DELLA COMUNITA' CRISTIANA IMPARANO A CAPIRE E SOPRATTUTTO DESIDERANO VIVERE. DOCUMENTARIO RELIGIOSO DIDATTICO A COLORI. aPAL, STEREO aITALIANO aDIDATTICOeTV-PROGRAMMI RELIGIOSI [VHS]xCodice MATERIA SPICS: 9963949455 aCalgaro Ottorino e(soggetto)gCodice Soggetto SPICS: 41843953045 aGirardi Daniele e(regista)gCodice regista SPICS: 41844953046 cVH2ddc c107660d107660 0010406C_6073_00000000000000071aSPICSbSPICSd2015-01-31l0oC6073r2015-01-31 00:00:00w2015-01-31yVHzProgr. Ins.: 394 / N.Vol.:1 / Copie: 1 / Pag.:0 / Copia rara: n.d. / date import: 1.2.2015 / By Epidotti, Trombetti, Vaglietti